[Event "HUN-chT2 Maroczy 0607"]
[Site "Hungary"]
[Date "2007.03.04"]
[Round "6"]
[White "Torok, Adam"]
[Black "Biro, Peter"]
[Result "1-0"]
[WhiteElo "2151"]
[BlackElo "2161"]
[PlyCount "97"]
[EventDate "2006.11.12"]
[EventType "team"]
[EventRounds "11"]
[EventCountry "HUN"]
[SourceTitle "EXT 2008"]
[Source "ChessBase"]
[SourceDate "2007.11.25"]
[SourceVersion "1"]
[SourceVersionDate "2007.11.25"]
[SourceQuality "1"]
[WhiteTeam "Vizugy"]
[BlackTeam "Husi"]
[WhiteTeamCountry "HUN"]
[BlackTeamCountry "HUN"]

1. f4 d5 2. Nf3 c5 3. g3 Nc6 4. Bg2 g6 5. d3 Bg7 6. 0-0 Nh6 7. c3 0-0 8. Qc2 d4 9. c4 Bf5 10. h3 Qc7 11. Nbd2 Rae8 12. Ne4 Bd7 13. Bd2 b6 14. Qc1 f6 15. Rb1 Nf7 16. a3 h6 17. b4 f5 18. Nf2 e5 19. fxe5 g5 20. bxc5 bxc5 21. e4 Ncxe5 22. Nxe5 Nxe5 23. exf5 Bc6 24. Bd5+ Bxd5 25. cxd5 Nxd3 26. d6 Nxc1 27. dxc7 Ne2+ 28. Kg2 c4 29. Bb4 Be5 30. Bxf8 Kxf8 31. Rb7 Rc8 32. Ne4 Rxc7 33. Rxc7 Bxc7 34. Kf3 d3 35. Nc5 Bxg3 36. Nxd3 cxd3 37. Rd1 Bf4 38. Rxd3 Ng3 39. Rd7 Nxf5 40. Rxa7 Nd4+ 41. Kg4 Nb5 42. Ra6 Nd6 43. a4 Kg7 44. a5 Kg6 45. Rc6 h5+ 46. Kf3 Kf5 47. a6 g4+ 48. hxg4+ hxg4+ 49. Kg2 1-0

[Event "HUN-chT2 Charousek 0506"]
[Site "Hungary"]
[Date "2006.02.26"]
[Round "8"]
[White "Biro, Peter"]
[Black "Rozsa, Peter"]
[Result "0-1"]
[WhiteElo "2155"]
[BlackElo "2204"]
[PlyCount "68"]
[EventDate "2005.10.16"]
[EventType "team"]
[EventRounds "11"]
[EventCountry "HUN"]
[SourceTitle "EXT 2009"]
[Source "ChessBase"]
[SourceDate "2008.11.26"]
[SourceVersion "1"]
[SourceVersionDate "2008.11.26"]
[SourceQuality "1"]
[WhiteTeam "Husi"]
[BlackTeam "Keszthely"]
[WhiteTeamCountry "HUN"]
[BlackTeamCountry "HUN"]

1. d4 e6 2. c4 Bb4+ 3. Nc3 f5 4. a3 Bxc3+ 5. bxc3 Nf6 6. f3 0-0 7. Nh3 b6 8. Nf2 Nc6 9. e4 fxe4 10. fxe4 e5 11. Bg5 Qe8 12. d5 Na5 13. c5 Qg6 14. Bxf6 Qxf6 15. Ra2 bxc5 16. Bb5 Rb8 17. Ba4 Nc4 18. Qc1 d6 19. 0-0 Ba6 20. Re1 Rf7 21. Bd1 Nb6 22. Bg4 Bc8 23. Bxc8 Nxc8 24. Re3 Qg5 25. Rae2 Ne7 26. Qc2 Ng6 27. Rg3 Qf6 28. Re1 Rbf8 29. Rf3 Nf4 30. Ng4 Qh4 31. Rg3 Kh8 32. Qd1 g6 33. c4 Nh5 34. Rh3 Qg5 0-1

[Event "HUN-chT2 Charousek 0405"]
[Site "Hungary"]
[Date "2005.04.24"]
[Round "11"]
[White "Biro, Peter"]
[Black "Konig, Balazs"]
[Result "0-1"]
[WhiteElo "2167"]
[BlackElo "2223"]
[PlyCount "80"]
[EventDate "2004.09.26"]
[EventType "team"]
[EventRounds "11"]
[EventCountry "HUN"]
[SourceTitle "EXT 2008"]
[Source "ChessBase"]
[SourceDate "2007.11.25"]
[SourceVersion "1"]
[SourceVersionDate "2007.11.25"]
[SourceQuality "1"]
[WhiteTeam "Husi"]
[BlackTeam "Pannonpower"]
[WhiteTeamCountry "HUN"]
[BlackTeamCountry "HUN"]

1. d4 Nf6 2. c4 c6 3. Nc3 d5 4. cxd5 cxd5 5. Bf4 Nc6 6. Nf3 Bf5 7. Qb3 Qb6 8. Qxb6 axb6 9. e3 e6 10. Bb5 Bb4 11. 0-0 0-0 12. Rfc1 Rfc8 13. Na4 Nd7 14. a3 Be7 15. b4 f6 16. Rc3 e5 17. Bg3 Bg4 18. Ne1 Bd8 19. dxe5 fxe5 20. Rd3 Be2 21. Rxd5 Bxb5 22. Nb2 Na7 23. Rad1 Nf6 24. Rxe5 Bc7 25. Rf5 Bxg3 26. hxg3 Rd8 27. Nf3 Rxd1+ 28. Nxd1 Bd3 29. Re5 Rc8 30. Nb2 Rc1+ 31. Kh2 Ng4+ 32. Kh3 Nxe5 33. Nxe5 Bf5+ 34. g4 Be6 35. Na4 Nc8 36. f4 Rc2 37. Nd3 Bb3 38. Nab2 Re2 39. g3 Rxe3 40. Ne5 Nd6 0-1

[Event "HUN-chT2 Charousek 0405"]
[Site "Hungary"]
[Date "2004.09.26"]
[Round "1"]
[White "Biro, Peter"]
[Black "Papp, Csaba"]
[Result "1-0"]
[WhiteElo "2167"]
[BlackElo "2080"]
[PlyCount "113"]
[EventDate "2004.09.26"]
[EventType "team"]
[EventRounds "11"]
[EventCountry "HUN"]
[SourceTitle "EXT 2008"]
[Source "ChessBase"]
[SourceDate "2007.11.25"]
[SourceVersion "1"]
[SourceVersionDate "2007.11.25"]
[SourceQuality "1"]
[WhiteTeam "Husi"]
[BlackTeam "Decs"]
[WhiteTeamCountry "HUN"]
[BlackTeamCountry "HUN"]

1. d4 d5 2. c4 c6 3. cxd5 cxd5 4. Nc3 Nf6 5. Bg5 e6 6. e3 Bb4 7. Qc2 Nc6 8. Nf3 h6 9. Bh4 0-0 10. Bd3 Bd7 11. 0-0 Rc8 12. a3 Bxc3 13. bxc3 Na5 14. Ne5 Rc7 15. Ng4 Qe7 16. Qe2 e5 17. Nxf6+ gxf6 18. dxe5 Qxe5 19. Bg3 Qxc3 20. Bxc7 Qxc7 21. Qh5 Kg7 22. Qxd5 Be6 23. Qe4 f5 24. Qd4+ Kg8 25. Qf6 Nb3 26. Rad1 Nc5 27. f4 Rd8 28. Bb1 Rd6 29. Qe5 Rc6 30. Bxf5 Qxe5 31. fxe5 Ra6 32. Bxe6 fxe6 33. Rc1 b6 34. Rc3 Ra4 35. Rf4 Ra5 36. Rd4 Kf7 37. Kf2 Kg6 38. g4 Rb5 39. Kf3 Rb2 40. h4 a5 41. Rd6 h5 42. gxh5+ Kf5 43. Rc4 Kxe5 44. Rxb6 Rxb6 45. Rxc5+ Kf6 46. Rxa5 Rb1 47. Rg5 Rb8 48. Kg4 Ra8 49. h6 Rh8 50. Kh5 e5 51. Rg6+ Kf5 52. Rg7 Kf6 53. Rb7 Ra8 54. h7 Rc8 55. a4 Kf5 56. a5 Ke4 57. a6 1-0

[Event "HUN-chT2 Charousek 0304"]
[Site "Hungary"]
[Date "2004.04.04"]
[Round "10"]
[White "Vargyas, Zoltan"]
[Black "Biro, Peter"]
[Result "0-1"]
[WhiteElo "2097"]
[BlackElo "2164"]
[PlyCount "50"]
[EventDate "2003.09.28"]
[EventType "team"]
[EventRounds "11"]
[EventCountry "HUN"]
[SourceTitle "EXT 2005"]
[Source "ChessBase"]
[SourceDate "2004.11.15"]
[SourceVersion "1"]
[SourceVersionDate "2004.11.15"]
[SourceQuality "1"]

1. e4 e5 2. Nf3 d6 3. d4 exd4 4. Nxd4 g6 5. Nc3 Bg7 6. Be3 Nf6 7. Qd2 0-0 8. 0-0-0 Re8 9. f3 a6 10. h4 b5 11. h5 Nxh5 12. g4 Ng3 13. Rh3 b4 14. Nd5 Nxf1 15. Rxf1 c5 16. Nf5 Bxf5 17. gxf5 Nd7 18. Rfh1 h5 19. Rg1 Ne5 20. fxg6 fxg6 21. Bg5 Qd7 22. Rhg3 Qf7 23. Ne7+ Kh7 24. Qxd6 Qxa2 25. Qd5 Nc4 0-1

[Event "HUN-chT2 Charousek 0304"]
[Site "Hungary"]
[Date "2004.01.25"]
[Round "6"]
[White "Csolig, Robert"]
[Black "Biro, Peter"]
[Result "0-1"]
[WhiteElo "2113"]
[BlackElo "2164"]
[PlyCount "56"]
[EventDate "2003.09.28"]
[EventType "team"]
[EventRounds "11"]
[EventCountry "HUN"]
[SourceTitle "EXT 2005"]
[Source "ChessBase"]
[SourceDate "2004.11.15"]
[SourceVersion "1"]
[SourceVersionDate "2004.11.15"]
[SourceQuality "1"]

1. e4 e5 2. Nf3 d6 3. d4 exd4 4. Nxd4 g6 5. Nc3 Bg7 6. Be3 Nf6 7. f3 0-0 8. Qd2 Re8 9. Bc4 a6 10. a4 b6 11. h4 Bb7 12. 0-0-0 b5 13. axb5 axb5 14. Bxb5 Ra1+ 15. Nb1 c6 16. Bc4 d5 17. exd5 cxd5 18. Bb5 Nbd7 19. Nb3 Ra8 20. Bd4 Qc7 21. h5 Rec8 22. hxg6 fxg6 23. Bxd7 Qxd7 24. Nc5 Qc6 25. Rhe1 Ra2 26. Re6 Qb5 27. Nxb7 Ne4 28. Rxe4 Qxb2+ 0-1

[Event "HUN-chT2 0102"]
[Site "Hungary"]
[Date "2002.04.21"]
[Round "11"]
[White "Biro, Peter"]
[Black "Csiszar, Zoltan"]
[Result "1/2-1/2"]
[WhiteElo "2167"]
[BlackElo "2245"]
[PlyCount "27"]
[EventDate "2001.??.??"]
[EventType "team"]
[EventRounds "11"]
[EventCountry "HUN"]
[SourceTitle "EXT 2004"]
[Source "ChessBase"]
[SourceDate "2003.11.25"]
[SourceVersion "1"]
[SourceVersionDate "2003.11.25"]
[SourceQuality "1"]

1. d4 Nf6 2. c4 e6 3. Nc3 Bb4 4. a3 Bxc3+ 5. bxc3 c5 6. f3 d5 7. cxd5 Nxd5 8. dxc5 Qa5 9. e4 Ne7 10. Qd4 Nbc6 11. Qxg7 Rg8 12. Qf6 Rg6 13. Qh8+ Rg8 14. Qf6 1/2-1/2

[Event "HUN-chT2 Charousek 0001"]
[Site "Hungary"]
[Date "2001.04.08"]
[Round "10"]
[White "Biro, Peter"]
[Black "Horvath, Imre"]
[Result "0-1"]
[WhiteElo "2160"]
[BlackElo "2291"]
[PlyCount "84"]
[EventDate "2000.11.26"]
[EventType "team"]
[EventRounds "11"]
[EventCountry "HUN"]
[SourceTitle "EXT 2007"]
[Source "ChessBase"]
[SourceDate "2006.11.23"]
[SourceVersion "1"]
[SourceVersionDate "2006.11.23"]
[SourceQuality "1"]
[WhiteTeam "Husi"]
[BlackTeam "Keszthely"]
[WhiteTeamCountry "HUN"]
[BlackTeamCountry "HUN"]

1. d4 Nf6 2. c4 c5 3. d5 b5 4. cxb5 a6 5. bxa6 Bxa6 6. Nc3 d6 7. e4 Bxf1 8. Kxf1 g6 9. g3 Bg7 10. Kg2 0-0 11. Nge2 Nbd7 12. Qc2 Qa5 13. Rb1 Rfb8 14. b3 Ne8 15. Bg5 h6 16. Bd2 Nc7 17. f4 Nb5 18. Nxb5 Qxb5 19. Bc3 Bxc3 20. Nxc3 Qb4 21. Rhe1 c4 22. bxc4 Qxc4 23. Rxb8+ Rxb8 24. Re3 Nc5 25. e5 Qd4 26. Kf3 dxe5 27. fxe5 h5 28. h3 e6 29. d6 Nd7 30. Qe4 Qd2 31. Qc6 Rb2 32. Ne2 Qd1 33. Qc1 Qd5+ 34. Kf2 Rxa2 35. Qc8+ Nf8 36. Qc7 Qd1 37. Qc4 Ra1 38. Nf4 Qg1+ 39. Kf3 h4 40. g4 Rf1+ 41. Ke4 Qh1+ 42. Kd3 Rd1+ 0-1

[Event "HUN-chT2 Charousek 0001"]
[Site "Hungary"]
[Date "2001.02.25"]
[Round "7"]
[White "Biro, Peter"]
[Black "Kovacs, Elod"]
[Result "1-0"]
[WhiteElo "2160"]
[BlackElo "2284"]
[PlyCount "51"]
[EventDate "2000.11.26"]
[EventType "team"]
[EventRounds "11"]
[EventCountry "HUN"]
[SourceTitle "EXT 2007"]
[Source "ChessBase"]
[SourceDate "2006.11.23"]
[SourceVersion "1"]
[SourceVersionDate "2006.11.23"]
[SourceQuality "1"]
[WhiteTeam "Husi"]
[BlackTeam "Szenna Pack"]
[WhiteTeamCountry "HUN"]
[BlackTeamCountry "HUN"]

1. d4 Nf6 2. c4 g6 3. Nc3 Bg7 4. e4 d6 5. f3 0-0 6. Be3 Nbd7 7. Qd2 c5 8. d5 Ne5 9. 0-0-0 Qa5 10. Bh6 Bxh6 11. Qxh6 Qb4 12. g4 Nxc4 13. Bxc4 Qxc4 14. Kb1 b5 15. Ka1 a5 16. h4 a4 17. Nce2 a3 18. b3 Qb4 19. Nh3 c4 20. Rb1 Bd7 21. h5 Rac8 22. bxc4 Qc5 23. Nhf4 Qe3 24. g5 Nxh5 25. Rb3 Qf2 26. Nxh5 1-0

[Event "HUN-chT2 Charousek 0001"]
[Site "Hungary"]
[Date "2001.01.14"]
[Round "4"]
[White "Fordan, Tibor"]
[Black "Biro, Peter"]
[Result "1-0"]
[WhiteElo "2289"]
[BlackElo "2160"]
[PlyCount "99"]
[EventDate "2000.11.26"]
[EventType "team"]
[EventRounds "11"]
[EventCountry "HUN"]
[SourceTitle "EXT 2007"]
[Source "ChessBase"]
[SourceDate "2006.11.23"]
[SourceVersion "1"]
[SourceVersionDate "2006.11.23"]
[SourceQuality "1"]
[WhiteTeam "Budapest EAC"]
[BlackTeam "Husi"]
[WhiteTeamCountry "HUN"]
[BlackTeamCountry "HUN"]

1. d4 d5 2. Nf3 e6 3. c4 Nf6 4. Nc3 Be7 5. cxd5 exd5 6. Bg5 0-0 7. Qc2 b6 8. e3 Bb7 9. Bd3 Nbd7 10. 0-0 Rc8 11. Ne5 h6 12. Bxf6 Nxf6 13. Nb5 a6 14. Na7 Ra8 15. Nac6 Qe8 16. Nxe7+ Qxe7 17. Nc6 Qd6 18. Rac1 g6 19. Ne5 Ne8 20. f4 Rc8 21. Qe2 a5 22. f5 g5 23. Qh5 Ng7 24. Qh3 f6 25. Qxh6 c5 26. Nf3 Qe7 27. Rce1 Ne8 28. e4 Qg7 29. Qh5 c4 30. Bb1 dxe4 31. Bxe4 Bxe4 32. Rxe4 Nd6 33. Re6 Nxf5 34. Rxb6 Ne3 35. Re1 Nd5 36. Rd6 Nf4 37. Qg4 Rce8 38. Rxe8 Rxe8 39. Qd7 Qg6 40. h3 Ne2+ 41. Kh2 Nf4 42. Rxf6 Qxf6 43. Qxe8+ Kg7 44. Qd7+ Kh8 45. Qc8+ Kg7 46. Qc7+ Kh6 47. Qxc4 Nh5 48. Qc1 Qd6+ 49. Ne5 Qxd4 50. Qc6+ 1-0

[Event "HUN-chT2 Charousek 0001"]
[Site "Hungary"]
[Date "2000.12.17"]
[Round "3"]
[White "Biro, Peter"]
[Black "Kercsmarics, Jozsef"]
[Result "1/2-1/2"]
[WhiteElo "2160"]
[BlackElo "2098"]
[PlyCount "62"]
[EventDate "2000.11.26"]
[EventType "team"]
[EventRounds "11"]
[EventCountry "HUN"]
[SourceTitle "EXT 2007"]
[Source "ChessBase"]
[SourceDate "2006.11.23"]
[SourceVersion "1"]
[SourceVersionDate "2006.11.23"]
[SourceQuality "1"]
[WhiteTeam "Husi"]
[BlackTeam "Nagykanizsa"]
[WhiteTeamCountry "HUN"]
[BlackTeamCountry "HUN"]

1. d4 Nf6 2. c4 e6 3. Nc3 d5 4. Bg5 Nbd7 5. e3 Be7 6. Nf3 c6 7. Bd3 0-0 8. 0-0 Re8 9. Qc2 h6 10. Bh4 dxc4 11. Bxc4 c5 12. Rfd1 cxd4 13. Nxd4 a6 14. a4 Qc7 15. Ba2 Bd6 16. Bg3 Bxg3 17. hxg3 Nf8 18. Rac1 Bd7 19. b4 Rac8 20. Qb2 Qe5 21. Qe2 Qg5 22. b5 Ng4 23. Ne4 Qh5 24. Nf3 Rxc1 25. Rxc1 axb5 26. Nd6 Ra8 27. axb5 Ra5 28. Qd2 b6 29. Rc7 Nf6 30. Nd4 Rxa2 31. Qxa2 Qd1+ 1/2-1/2

[Event "HUN-chT2 9900"]
[Site "Hungary"]
[Date "1999.11.14"]
[Round "4"]
[White "Boguszlavszkij, Jevgenyij"]
[Black "Biro, Peter"]
[Result "1-0"]
[WhiteElo "2295"]
[BlackElo "2199"]
[PlyCount "61"]
[EventDate "1999.09.26"]
[EventType "team"]
[EventRounds "11"]
[EventCountry "HUN"]
[SourceTitle "EXT 2002"]
[Source "ChessBase"]
[SourceDate "2001.11.25"]
[SourceVersion "1"]
[SourceVersionDate "2001.11.25"]
[SourceQuality "1"]

1. d4 d5 2. Bf4 e6 3. Nf3 Nf6 4. e3 Be7 5. Bd3 0-0 6. Nbd2 c5 7. dxc5 Bxc5 8. 0-0 Nc6 9. c3 Re8 10. Ne5 Bd6 11. Nxc6 bxc6 12. Bxd6 Qxd6 13. c4 Rd8 14. Be2 e5 15. Qc2 d4 16. c5 Qe7 17. exd4 Rxd4 18. Nf3 Rf4 19. Rad1 Bf5 20. Qc1 Nd5 21. Rfe1 Rb8 22. g3 Re4 23. Bf1 Rxe1 24. Rxe1 f6 25. Bg2 Rb5 26. Nd4 Qb7 27. Nxf5 Rxb2 28. Bxd5+ cxd5 29. c6 Qb6 30. Qxb2 Qxb2 31. c7 1-0

[Event "HUN-chT2 9900"]
[Site "Hungary"]
[Date "1999.09.26"]
[Round "1"]
[White "Biro, Peter"]
[Black "Horvath, Imre"]
[Result "1-0"]
[WhiteElo "2199"]
[BlackElo "2317"]
[PlyCount "45"]
[EventDate "1999.09.26"]
[EventType "team"]
[EventRounds "11"]
[EventCountry "HUN"]
[SourceTitle "EXT 2002"]
[Source "ChessBase"]
[SourceDate "2001.11.25"]
[SourceVersion "1"]
[SourceVersionDate "2001.11.25"]
[SourceQuality "1"]

1. d4 d5 2. c4 e6 3. Nc3 f5 4. cxd5 exd5 5. g3 c6 6. Bg2 Nf6 7. f3 Bd6 8. Nh3 0-0 9. 0-0 Be6 10. Ng5 Qe7 11. Qb3 b5 12. e4 Bc7 13. Re1 Bf7 14. Nxf7 Rxf7 15. Bg5 fxe4 16. fxe4 Bb6 17. Rad1 Nbd7 18. e5 Nxe5 19. Kh1 Nfg4 20. Bxe7 Nf2+ 21. Kg1 Nxd1 22. Rxd1 Rxe7 23. Nxd5 1-0

[Event "Cseppko op-A 08th"]
[Site "Aggtelek"]
[Date "1999.07.11"]
[Round "9"]
[White "Szamoskozi, Gabor"]
[Black "Biro, Peter"]
[Result "1/2-1/2"]
[WhiteElo "2092"]
[BlackElo "2199"]
[PlyCount "94"]
[EventDate "1999.07.11"]
[EventType "swiss"]
[EventRounds "9"]
[EventCountry "HUN"]
[SourceTitle "EXT 2001"]
[Source "ChessBase"]
[SourceDate "2000.11.22"]
[SourceVersion "1"]
[SourceVersionDate "2000.11.22"]
[SourceQuality "1"]

1. e4 e5 2. Nf3 d6 3. Bc4 c6 4. 0-0 Be7 5. Nc3 Nf6 6. d4 Nbd7 7. a4 0-0 8. h3 Qc7 9. Be3 Nxe4 10. Bxf7+ Rxf7 11. Nxe4 h6 12. dxe5 Nxe5 13. Nxe5 dxe5 14. Qh5 Bf5 15. Nc5 Bxc2 16. Rac1 Bxc5 17. Bxc5 Bxa4 18. Rfe1 b6 19. Be3 Bb3 20. Qg6 Rf6 21. Qg3 Bd5 22. Bd4 Qf7 23. Qxe5 Rg6 24. g4 c5 25. Be3 Qf3 26. Qh2 Re8 27. Rc3 h5 28. Bd2 Rxe1+ 29. Bxe1 Qd1 30. Re3 hxg4 31. h4 Re6 32. Rxe6 Bxe6 33. Qe5 Bf7 34. Kh2 Qf3 35. Qg3 Bd5 36. Qxf3 gxf3 37. Bc3 g6 38. Be5 b5 39. Bd6 c4 40. Bb4 Kf7 41. Kg3 Ke6 42. Kf4 Kd7 43. Ke5 Kc6 44. Kd4 Be6 45. Kc3 Kb6 46. Be7 a5 47. Bd8+ Ka6 1/2-1/2

[Event "Cseppko op-A 08th"]
[Site "Aggtelek"]
[Date "1999.07.07"]
[Round "3"]
[White "Biro, Peter"]
[Black "Bogdan, Dan"]
[Result "0-1"]
[WhiteElo "2199"]
[BlackElo "2366"]
[PlyCount "59"]
[EventDate "1999.07.11"]
[EventType "swiss"]
[EventRounds "9"]
[EventCountry "HUN"]
[SourceTitle "EXT 2001"]
[Source "ChessBase"]
[SourceDate "2000.11.22"]
[SourceVersion "1"]
[SourceVersionDate "2000.11.22"]
[SourceQuality "1"]

1. d4 f5 2. c4 Nf6 3. Nc3 d6 4. f3 e5 5. d5 a5 6. e4 Na6 7. exf5 Bxf5 8. Qa4+ c6 9. Be3 Nb4 10. Rc1 Qd7 11. Qb3 cxd5 12. cxd5 Kf7 13. a3 Nd3+ 14. Bxd3 Bxd3 15. Na4 Qb5 16. Rc7+ Be7 17. Qxb5 Bxb5 18. Nb6 Rab8 19. a4 Bxa4 20. Nxa4 Nxd5 21. Rxe7+ Kxe7 22. Bb6 Rhc8 23. Kd2 Rc4 24. Ba7 Rbc8 25. Nc3 Nxc3 26. bxc3 Rxc3 27. Ne2 Rb3 28. Rc1 Rb2+ 29. Kd3 Rxc1 30. Nxc1 0-1

[Event "Cseppko op-A 08th"]
[Site "Aggtelek"]
[Date "1999.07.05"]
[Round "1"]
[White "Biro, Peter"]
[Black "Kiss, Pal"]
[Result "1/2-1/2"]
[WhiteElo "2199"]
[BlackElo "2419"]
[PlyCount "76"]
[EventDate "1999.07.11"]
[EventType "swiss"]
[EventRounds "9"]
[EventCountry "HUN"]
[SourceTitle "EXT 2001"]
[Source "ChessBase"]
[SourceDate "2000.11.22"]
[SourceVersion "1"]
[SourceVersionDate "2000.11.22"]
[SourceQuality "1"]

1. d4 d5 2. c4 e6 3. Nc3 c6 4. cxd5 exd5 5. g3 Nf6 6. Bg2 Bf5 7. f3 Bb4 8. a3 Ba5 9. Nh3 0-0 10. Nf2 Re8 11. 0-0 Nbd7 12. b4 Bb6 13. e4 dxe4 14. fxe4 Be6 15. e5 Nd5 16. Nce4 Rf8 17. Ng5 Bf5 18. Nfe4 Bg6 19. Nc5 Nxc5 20. bxc5 Ba5 21. Qg4 Bc3 22. Ra2 h5 23. Qd1 Ne7 24. Bb2 Bxb2 25. Rxb2 Nf5 26. Qd2 Qxd4+ 27. Qxd4 Nxd4 28. Rxb7 Rfb8 29. Rxb8+ Rxb8 30. Rd1 Nb3 31. Bxc6 Nxc5 32. Bd5 Re8 33. Bc4 Kf8 34. Rd5 Rc8 35. Rd4 Ke7 36. Rf4 f6 37. exf6+ gxf6 38. Nf3 Be4 1/2-1/2

[Event "HUN-chT2 9899"]
[Site "Hungary"]
[Date "1999.??.??"]
[Round "?"]
[White "Biro, Peter"]
[Black "Lenart, Endre"]
[Result "0-1"]
[WhiteElo "2210"]
[BlackElo "2220"]
[PlyCount "64"]
[EventDate "1998.??.??"]
[EventType "team"]
[EventRounds "12"]
[EventCountry "HUN"]
[SourceTitle "EXT 2000"]
[Source "ChessBase"]
[SourceDate "1999.11.16"]
[SourceVersion "1"]
[SourceVersionDate "1999.11.16"]
[SourceQuality "1"]

1. d4 d5 2. c4 c6 3. Nc3 Nf6 4. f3 g6 5. e4 dxe4 6. fxe4 e5 7. d5 Qa5 8. Qf3 Bg7 9. Bg5 Nbd7 10. 0-0-0 h6 11. Be3 Nc5 12. h3 0-0 13. Kb1 Ncxe4 14. Nxe4 Nxe4 15. dxc6 bxc6 16. Bc1 Rb8 17. Rd3 Nc5 18. Re3 e4 19. Qd1 Be6 20. g4 Rfd8 21. Qc2 Na4 22. Rb3 Nc3+ 23. bxc3 Bxc3 24. Bf4 Rxb3+ 25. Qxb3 Bg7 26. Be2 Qe1+ 27. Kc2 Be5 28. Qe3 Bd4 29. Qg3 Qa1 30. Qb3 Bxg1 31. Bd2 Qd4 32. Qc3 Qc5 0-1

[Event "HUN-chT2 9899"]
[Site "Hungary"]
[Date "1999.??.??"]
[Round "?"]
[White "Biro, Peter"]
[Black "Szelenyi, Norbert"]
[Result "1/2-1/2"]
[WhiteElo "2210"]
[BlackElo "2340"]
[PlyCount "69"]
[EventDate "1998.??.??"]
[EventType "team"]
[EventRounds "12"]
[EventCountry "HUN"]
[SourceTitle "EXT 2000"]
[Source "ChessBase"]
[SourceDate "1999.11.16"]
[SourceVersion "1"]
[SourceVersionDate "1999.11.16"]
[SourceQuality "1"]

1. d4 d5 2. c4 c6 3. Nc3 e6 4. e4 Bb4 5. Bd3 dxe4 6. Bxe4 Nf6 7. Bf3 c5 8. a3 Bxc3+ 9. bxc3 Qa5 10. Bd2 Nc6 11. Ne2 0-0 12. Qb3 a6 13. Rd1 Qc7 14. dxc5 Ne5 15. Be3 Nxf3+ 16. gxf3 Bd7 17. Qb6 Qxb6 18. cxb6 Rfc8 19. Rg1 Ba4 20. Rd4 e5 21. Rd6 Ne8 22. Rd5 f6 23. f4 Rxc4 24. fxe5 Re4 25. Rd4 Rxd4 26. Bxd4 fxe5 27. Bxe5 Kf7 28. Nd4 Rc8 29. Rg3 Nf6 30. f4 Bd7 31. Nf3 g6 32. Ng5+ Ke7 33. Rd3 Bf5 34. Bd6+ Ke8 35. Re3+ 1/2-1/2